| 000 | 00000nam 2200000zi 4500 |
| 001 | 9.922351 |
| 003 | CaOODSP |
| 005 | 20230614115112 |
| 006 | m o d f |
| 007 | cr mn||||||||| |
| 008 | 230505e202305 onca ob f000 0 eng d |
| 020 | |a9780660485867 |
| 040 | |aCaOODSP|beng|erda|cCaOODSP |
| 043 | |an-cn--- |
| 086 | 1 |aD97-1/00-500-2023E-PDF |
| 245 | 00|aBest practices for setting up a security operations centre (SOC). |
| 264 | 1|a[Ottawa] : |bCommunications Security Establishment = Centre de la sécurité des telecommunications, |cMay 2023. |
| 300 | |a1 online resource (2 unnumbered pages) : |billustrations. |
| 336 | |atext|btxt|2rdacontent |
| 337 | |acomputer|bc|2rdamedia |
| 338 | |aonline resource|bcr|2rdacarrier |
| 490 | 1 |a[Awareness series] ; |vITSAP.00.500 |
| 500 | |aIssued also in French under title: Pratiques exemplaires sur la mise en place d'un centre des opérations de sécurité (COS). |
| 500 | |a"Unclassified." |
| 500 | |a"Canadian Centre for Cyber Security." |
| 504 | |aIncludes bibliographical references. |
| 650 | 0|aComputer security|zCanada. |
| 650 | 0|aComputer networks|xSecurity measures|zCanada. |
| 650 | 0|aComputer crimes|zCanada|xPrevention. |
| 710 | 2 |aCommunications Security Establishment (Canada), |eissuing body. |
| 710 | 2 |aCanadian Centre for Cyber Security, |eissuing body. |
| 775 | 08|tPratiques exemplaires sur la mise en place d'un centre des opérations de sécurité (COS).|w(CaOODSP)9.922353 |
| 830 | #0|aAwareness series (Communications Security Establishment (Canada))|vITSAP.00.500.|w(CaOODSP)9.842810 |
| 856 | 40|qPDF|s241 KB|uhttps://publications.gc.ca/collections/collection_2023/cstc-csec/D97-1-00-500-2023-eng.pdf |
| 856 | 4 |qHTML|sN/A|uhttps://www.cyber.gc.ca/en/guidance/best-practices-setting-security-operations-centre-soc-itsap00500 |